• 首页
  • 本馆介绍
  • 公告通知
  • 最新文献
  • 馆藏检索
  • 电子资源
  • 读者导购
  • 参考咨询
  • 我的图书馆
  • 登录
  • 详细信息显示
  • 放入我的书架
  • 预约/预借图书
  • 作者相关作品
  • 分类相关作品
  • 丛书相关作品
  • 出版社相关作品

书目信息

  • 表格格式
  • 工作单格式
  • 卡片格式
题名:
枸杞 瓜蒌 山楂栽培技术
    
 
作者: 王芳 主编
分册:  
出版信息: 延吉   延边人民出版社  2003
页数: 242页
开本: 20cm
丛书名: 实用中草药栽培丛书
单 册:
中图分类: S567 , S661.5
科图分类:
主题词: 枸杞--栽培 , 栝楼--栽培 , 山楂--栽培 , 枸杞 , 栝楼 , 山楂
电子资源:
ISBN: 7-80648-659-3
000 01042oam2 2200325 45
001 012005081821
005 20070705154655.12
010    @a7-80648-659-3@dCNY10.00
092    @aCN@b208728
100    @a20050818d2003 em y0chiy0120 ea
101 0  @achi
102    @aCN@b220000
105    @aak z 000yy
200 1  @a枸杞 瓜蒌 山楂栽培技术@9gou qi gua lou shan zha zai pei ji shu@f王芳主编
210    @a延吉@c延边人民出版社@d2003
215    @a242页@c图@d20cm
225 2  @a实用中草药栽培丛书
330    @a本书分别介绍了中药枸杞、瓜蒌、山楂的资源分布、生物学特性、人工栽培及采集加工和炮制技术,并对药材质量鉴别方法、化学成分、药理作用等方面的内容;详细介绍了栽培管理技术,还介绍了产品加工的基本方法等内容。
461  0 @12001 @a实用中草药栽培丛书
606 0  @a枸杞@x栽培
606 0  @a栝楼@x栽培
606 0  @a山楂@x栽培
606 0  @a枸杞
606 0  @a栝楼
606 0  @a山楂
690    @aS567@v4
690    @aS661.5@v4
701  0 @a王芳@9wang fang@4主编
801  0 @aCN@bLZJBOOK@c20070705
905    @a10447@dS567@e33
    
    枸杞 瓜蒌 山楂栽培技术/王芳主编.-延吉:延边人民出版社,2003
    242页:图;20cm.-(实用中草药栽培丛书)
    
    
    ISBN 7-80648-659-3:CNY10.00
    本书分别介绍了中药枸杞、瓜蒌、山楂的资源分布、生物学特性、人工栽培及采集加工和炮制技术,并对药材质量鉴别方法、化学成分、药理作用等方面的内容;详细介绍了栽培管理技术,还介绍了产品加工的基本方法等内容。
●
相关链接 在E读中查询图书 在五车中查询图书 在当当中查询图书 在豆瓣中查询图书


正题名:枸杞 瓜蒌 山楂栽培技术     索取号:S567/33         预约/预借

序号 登录号 条形码 馆藏地/架位号 状态 备注
1 0552613   205526135   第二样本阅览室/ [索取号:S567/33] 在馆    
2 0552614   205526144   第三借阅区/ [索取号:S567/33] 在馆    
3 0552615   205526153   第三借阅区/ [索取号:S567/33] 在馆    
4 0552616   205526162   第三借阅区/ [索取号:S567/33] 在馆    
5 0552617   205526171   第三借阅区/ [索取号:S567/33] 在馆    
6 0552618   205526180   第三借阅区/ [索取号:S567/33] 在馆    
7 0552619   205526199   第三借阅区/ [索取号:S567/33] 在馆    
8 0552620   205526206   第三借阅区/ [索取号:S567/33] 在馆    
唐山师范学院图书馆 欢迎您!
大连网信软件有限公司© 版权所有